Omori Personnage par Image - Statistiques

Statistiques générales
  • Ce quiz a été pris 99 fois
    95 depuis la dernière actualisation
  • Le résultat moyen est 16 sur 34
Statistiques - réponses
Par images Réponse % Correct
Omori
100%
Sunny
99%
Aubrey
94%
Kel
94%
Mari
94%
Hero
93%
Basil
91%
Something
78%
Hector
75%
Miou
74%
Terre
72%
Pluton
68%
Boss
56%
Choupette
56%
Taupousse
44%
Kim
40%
Polly
38%
Humphrey
37%
Petit-ami Spatial
32%
Le Marginal
26%
M. Requincroyable
26%
Marina
25%
Medusa
24%
Ex Petit-ami Spatial
22%
Snaley
19%
Vance
19%
Van
18%
Boîte-aux-Lettres
16%
Molly
16%
Charlie
13%
Jumeaux Zombrioches
13%
Galigator
12%
Rococo
10%
Taupousse Mike
9%
Aucun quiz correspondant
Distribution des résultats
% des personnes avec chaque résultat
Percentile par nombre de réponses
Votre historique - résultats
Vous n’avez pas pris ce quiz depuis la dernière actualisation